| 000 | 01231nam a2200325 i 4500 | ||
|---|---|---|---|
| 001 | 000005984 | ||
| 003 | DO-SdBNP | ||
| 005 | 20260305091507.0 | ||
| 007 | ta | ||
| 008 | 090825s2002 dr a 000 0 spa d | ||
| 040 |
_aDO-SdBNP _bspa _cBNPHU _erda |
||
| 041 | _aspa | ||
| 082 | 4 |
_axxx _bG241b _222 |
|
| 100 | 1 |
_aGarrido, Henry, _eautor _4aut. _916865 |
|
| 245 | 1 | 0 |
_aBienes nacionales, después de la tempestad : _b(enfoque político y jurídico) / _cHenry Garrido ; presentacion, César Pina Toribio ; prólogo, Félix D. Olivares. |
| 264 | 1 |
_aSanto Domingo : _bEditora Impretur, _c2002. |
|
| 300 |
_a167 páginas : _bilustraciones ; _c23 cm. |
||
| 336 |
_atexto _btxt _2rdacontent |
||
| 337 |
_asin mediación _bn _2rdamedia |
||
| 338 |
_avolumen _bnc _2rdacarrier |
||
| 500 | _aIncluye datos biográficos del autor. | ||
| 500 | _aIncluye referencias bibliográficas y notas al pie de las páginas. | ||
| 504 | _aIç | ||
| 504 | _aBibliografía : páginas 167 | ||
| 600 | 1 | 0 |
_a Balaguer, Joaquín, _d1906-2002 _xCritica e interpretación _976556 |
| 650 | 4 |
_aLiteratura dominicana. _967 |
|
| 700 | 1 |
_aPina Toribio, César, _epresentacion _916867 |
|
| 700 | 1 |
_aOlivares, Félix D., _eprologuista _4pr. _916868 |
|
| 942 |
_2ddc _cLBS1 |
||
| 999 |
_c5780 _d5780 |
||